Možnosti využitia projektového manažmentu pri čerpaní prostriedkov z fondov EÚ v rámci programovacieho obdobia 2014-2020 v konkrétnom podniku diplomová práca

Gespeichert in:
Bibliographische Detailangaben
1. Verfasser: Hintoš, Matej
Körperschaft: Podnikovohospodárska fakulta EU so sídlom v Košiciach. Katedra finančného riadenia podniku
Weitere Verfasser: Ručinský, Rastislav
Format: Buch
Sprache:Slowakisch
Veröffentlicht: Košice 2021
Tags: Tag hinzufügen
Keine Tags, Fügen Sie das erste Tag hinzu!

MARC

LEADER 00000nbm a2200000 4500
001 0274120
005 20220331140853.7
041 0 |a slo 
044 |a SK 
245 1 0 |a Možnosti využitia projektového manažmentu pri čerpaní prostriedkov z fondov EÚ v rámci programovacieho obdobia 2014-2020 v konkrétnom podniku  |b diplomová práca  |c Matej Hintoš ; školiteľ: Rastislav Ručinský 
264 1 |a Košice  |c 2021 
300 |a 69 s. 
100 1 |a Hintoš, Matej 
700 1 |a Ručinský, Rastislav 
710 2 |a Podnikovohospodárska fakulta EU so sídlom v Košiciach. Katedra finančného riadenia podniku